MDQL
is popping MORE tags! Check the
thread
!
Quizzes
Events
Quiz Creation
Community
Videos
Private Events
Remove Ads
Sign In
Join for FREE
Feedback
Dark Mode
Quiz Categories
Sports
Geography
Music
Movies
Television
Just For Fun
Miscellaneous
History
Literature
Language
Science
Gaming
Entertainment
Religion
Holiday
For Kids
Quiz Lab
Recent
Popular Today
Quiz Kudos Today
Editor Picks
Curator Picks
Quizzes by...
Day
Popularity
Type
Ratings
Length
Year
Community
Subscriptions
Recent Discussions
Orange Saloon
Badges
Playlists
Quests
Create
Leaderboards
Showdown
Live 5
Trivia Bingo
Activity
Puzzle Library
Sporcle Events
Private Events
Virtual Trivia
Globe League
Become a Host
Pub Owners
SporcleCon
Opinionation
Our Games
Videos
Blog
Mobile Apps
Partnerships
Remove Ads and Go Orange
Feedback
Movies
Disney
Marvel Cinematic Universe
Movie Resume
Movie Titles
Oscar
Actor
Actress
Director
Pixar
Role
Movie Quotes
Movie Characters
Box Office
Nominee
Best Picture
Star Wars
James Bond
Horror Movies
Movies
Disney
Marvel Cinematic Universe
Movie Resume
Movie Titles
Oscar
Actor
Actress
Director
Pixar
Role
Movie Quotes
Movie Characters
Box Office
Nominee
Best Picture
Star Wars
James Bond
Horror Movies
Random Quiz
Search Sporcle
×
Quiz Lab
Quiz Lab
Movies
Movie Titles
Type in answers that appear in a list
Type in answers that appear in a list
Classic
Best Score? Go Orange.
Movie series Stats
Can you name the entries of these film series?
By
Freakzilla
7m
68 Questions
89 Plays
89 Plays
89 Plays
Comments
Comments
Give Quiz Kudos
Give Quiz Kudos
-
- Ratings
hide this ad
Replay
Link that replays current quiz
Next Quiz
Link to next quiz in quiz playlist
You Got
0%
They Got
Avg Score
54%
Avg Friend Score
Upgrade to see
Score Distribution
Jump to the score distribution portion of the page
Score
0/68
Timer
07:00
0
Plays Today
Series
Film
% Correct
Lord of the Rings
The Fellowship of the Ring
88.8%
Lord of the Rings
The Two Towers
88.8%
Bourne
Identity
87.6%
Lord of the Rings
The Return of the King
86.5%
Bourne
Supremacy
86.5%
Indiana Jones
Temple of Doom
85.4%
Terminator
Terminator
85.4%
Pirates of the Caribbean
The Curse of the Black Pearl
84.3%
Harry Potter
Philosopher's Stone
84.3%
Star Wars
Empire Strikes Back
84.3%
Star Wars
Return of the Jedi
83.1%
Indiana Jones
Raiders of the Lost Ark
83.1%
Bourne
Ultimatum
83.1%
Matrix
The Matrix
83.1%
Pirates of the Caribbean
Dead Man's Chest
82%
Star Wars
Attack of the Clones
82%
Star Wars
A New Hope
82%
Pirates of the Caribbean
At World's End
80.9%
Harry Potter
Prisoner of Azkaban
80.9%
Indiana Jones
The Last Crusade
80.9%
Indiana Jones
The Kingdom of the Crystal Skull
80.9%
Harry Potter
Goblet of Fire
79.8%
Twilight
Twilight
79.8%
Star Wars
Revenge of the Sith
79.8%
Harry Potter
Half-Blood Prince
77.5%
Twilight
New Moon
77.5%
Star Wars
The Phantom Menace
77.5%
Harry Potter
Chamber of Secrets
76.4%
Harry Potter
Order of the Phoenix
76.4%
The Fast and the Furious
The Fast and the Furious
76.4%
The Fast and the Furious
Fast & Furious
76.4%
Harry Potter
Deathly Hallows: Part 1
75.3%
Harry Potter
Deathly Hallows: Part 2
75.3%
Matrix
Reloaded
75.3%
Series
Film
% Correct
Ice Age
Ice Age
74.2%
Matrix
Revolutions
71.9%
Twilight
Breaking Dawn Part 1
70.8%
The Fast and the Furious
2 Fast 2 Furious
70.8%
Twilight
Eclipse
62.9%
Pirates of the Caribbean
On Stranger Tides
59.6%
The Fast and the Furious
Tokyo Drift
59.6%
The Fast and the Furious
Fast Five
59.6%
Police Academy
Police Academy
58.4%
Ice Age
Dawn of the Dinosaurs
53.9%
Terminator
Rise of the Machines
52.8%
Ice Age
The Meltdown
51.7%
Terminator
Salvation
51.7%
Pirates of the Caribbean
Dead Men Tell No Tales
50%
Twilight
Breaking Dawn Part 2
50%
Star Wars
The Rise of Skywalker
50%
Star Wars
The Last Jedi
50%
Star Wars
The Force Awakens
50%
Bourne
Jason Bourne
50%
Bourne
Legacy
50%
The Fast and the Furious
The Fate of the Furious
50%
The Fast and the Furious
Furious 7
50%
The Fast and the Furious
Fast & Furious 6
50%
Terminator
Judgment Day
42.7%
Police Academy
Mission to Moscow
23.6%
Police Academy
Citizens on Patrol
21.3%
Police Academy
Back in Training
15.7%
Police Academy
Their First Assignment
11.2%
Police Academy
Assigment Miami Beach
11.2%
Police Academy
City Under Siege
6.7%
Ice Age
Collission Course
0%
Ice Age
Continental Drift
0%
Terminator
Dark Fate
0%
Terminator
Genisys
0%
Quiz Playlist
Details
Report
Send in Message
Add To Playlist
Classic:
Type in answers that appear in a list
Last Updated: Feb 12, 2020
Quiz Scoreboard
CHALLENGE
Sign Up to Join the Scoreboard
Show All
Scores
Hide
Comments
May contain spoilers
Recently Published
1-10 Letter E Words III
by El_Dandy
Language
2m
Street Fighter Characters
by Artimus82
Gaming
60s
College Basketball Coaching Resumes
by pancakes188
Sports
9m
More to Explore
Quiz From the Vault
Featured Blog Post
Where Did the Easter Bunny Come From?
hide this ad
You Might Also Like...
Tags
Movie Titles Quiz
Entry
issue
Today's Top Quizzes in Movies
Browse Movies
hide this ad
Today's Top Quizzes in Movie Titles
Browse Movie Titles
Top Contributed Quizzes in Movies
1
Pick 5 Posters: Directed by Spielberg
2
7-to-1: Pixar Characters
3
Hidden Star Wars Character II
4
Hidden Star Wars Character III
5
Pick 5 Posters: Lowest-Rated Spielberg
6
Hidden Star Wars Character IV
7
Sorting Actresses
8
Sorting Actors
9
Hidden Star Wars Character V
10
Pick 5 Posters: Directed by Scorsese
Explore More
Trending Topics
Marvel
NBA
Crossword
Kpop
Disney
Harry Potter
Anime
Pokémon
Soccer
NFL
Country
Song
Puzzle
WWE
The Office
hide this ad
More By:
Freakzilla
Quiz
Plays
Rating
Category
Featured
Created
Eddy Merckx wins (cycling)
1,203
2.63
Sports
Jan 21, 2010
Geography scramble
904
4.29
Geography
Feb 24, 2010
Supercars who what where
714
5.00
Miscellaneous
Feb 11, 2021
Grab bag mania (8-somes)
690
3.90
Miscellaneous
Feb 6, 2013
The Belgium Quiz
668
4.67
Geography
Sep 7, 2010
Go to Creator's Profile
Score Distribution
Quiz Creator Spotlight
Freakzilla
Follow
Send a Message
Quizzes Created
-
Created Quiz Play Count
-
More By This Creator
Popular Quizzes Today
1
Find the US States - No Outlines Minefield
2
Find the Countries of Europe - No Outlines Minefield
3
Find the US States
4
The Countries of the World
5
Risky Map Clicking: Biggest States A-Z
6
US States
7
Popular People in 1961
8
Movies - When Are They Set?
More Movies Quizzes
Movies Based On
Published
Trending Quizzes
Risky Map Clicking: Least Populous States A-Z
1-10 Letter G Words
Countries of the World: 200 Million BC
1-10 Letter F Words
Risky Map Clicking: Next State Alphabetically
Recently Updated
Largest US Cities 1790-2010
pecheneg
Rides in Walt Disney World
pecheneg
Most Oscar Losses (Acting)
pecheneg
Beyoncé Albums
pecheneg
Leaping Animals
pecheneg
Reality TV Shows (A-Z)
bhenderson79
Rickey Henderson's Hall of Fame Teammates
pecheneg
Champions League XIs: Arsenal
pecheneg
Quick Pick: Celebrities in WWE's Hall of Fame
aduchscher
A-Z Keypad Blitz II
pecheneg
Trending Topics
Disney
Harry Potter
Kpop
Crossword
Anime
NBA
Marvel
Soccer
The Office
Pokémon
Puzzle
Song
Country
NFL
WWE
Your Account Isn't Verified!
In order to create a playlist on Sporcle, you need to verify the email address you used during registration. Go to your
Sporcle Settings
to finish the process.
Report this User
Report this user for behavior that violates our
Community Guidelines
.
Details:
Send Report
Go to the Sporcle.com Mobile Site →
Comments